[Event "Reykjavik Open 2009"]
[Site "Reykjavik"]
[Date "2009.03.27"]
[Round "4.16"]
[White "Harika, Dronavalli"]
[Black "Rombaldoni, Axel"]
[Result "0-1"]
[WhiteElo "2473"]
[BlackElo "2309"]
[PlyCount "80"]
[EventDate "2009.03.24"]

1. Nf3 d5 2. d4 e6 3. c4 c6 4. e3 Bd6 5. Bd3 dxc4 6. Bxc4 Nf6 7. Qc2 Nbd7 8.
Nc3 O-O 9. O-O b5 10. Be2 h6 11. e4 e5 12. dxe5 Nxe5 13. Nxe5 Bxe5 14. f4 Bd4+
15. Kh1 b4 16. Nd1 Qb6 17. e5 Nd5 18. Qe4 f5 19. Qf3 Be6 20. Bd2 a5 21. Rc1
Rfd8 22. Bc4 Kh7 23. Re1 c5 24. Ne3 Nxe3 25. Bxe6 Qxe6 26. Bxe3 Bxb2 27. Rxc5
Bc3 28. Rg1 Rac8 29. Rxc8 Rxc8 30. g4 fxg4 31. Rxg4 Qc6 32. Qxc6 Rxc6 33. Rg1
a4 34. Rb1 b3 35. a3 Kg6 36. Kg2 Kf5 37. Kf3 Rc7 38. Rc1 Rb7 39. Ke2 Bb2 40.
Rc4 Bxa3 0-1

[Event "Reykjavik Open 2009"]
[Site "Reykjavik"]
[Date "2009.03.27"]
[Round "4.17"]
[White "Lucaroni, Massimiliano"]
[Black "Kristjansson, Stefan"]
[Result "0-1"]
[WhiteElo "2310"]
[BlackElo "2472"]
[PlyCount "42"]
[EventDate "2009.03.24"]

1. e4 c5 2. a3 g6 3. b4 Bg7 4. Nc3 d6 5. Nf3 Nc6 6. Rb1 Nf6 7. g3 O-O 8. Bg2 d5
9. exd5 Nxd5 10. Nxd5 Qxd5 11. O-O Qa2 12. Rb3 Bf5 13. Ne1 Nd4 14. Rc3 Qb1 15.
Kh1 cxb4 16. axb4 a5 17. bxa5 Rxa5 18. g4 Bd7 19. Rc7 Bc6 20. Bxc6 Nxc6 21. Nf3
Rd8 0-1

[Event "Reykjavik Open 2009"]
[Site "Reykjavik"]
[Date "2009.03.27"]
[Round "4.18"]
[White "Shytaj, Luca"]
[Black "Thorsteinsson, Thorsteinn"]
[Result "0-1"]
[WhiteElo "2453"]
[BlackElo "2288"]
[PlyCount "142"]
[EventDate "2009.03.24"]

1. e4 g6 2. d4 Bg7 3. Nc3 c6 4. f4 d5 5. e5 h5 6. Nf3 Nh6 7. Be2 Bg4 8. O-O e6
9. Be3 Nf5 10. Qd2 Bf8 11. Bf2 Nd7 12. Rad1 Bb4 13. a3 Be7 14. h3 Bxf3 15. Bxf3
h4 16. Na4 b5 17. Nc3 Nb6 18. Qd3 a5 19. Ra1 Kf8 20. a4 b4 21. Nd1 Qc7 22. Ne3
c5 23. dxc5 Bxc5 24. Nxf5 gxf5 25. c3 bxc3 26. Rac1 Bxf2+ 27. Rxf2 Qb7 28. b3
Kg7 29. Rxc3 Rhc8 30. Be2 Nd7 31. Rxc8 Rxc8 32. g3 Nc5 33. Qe3 hxg3 34. Qxg3+
Kf8 35. Qe3 Rc7 36. Bb5 Ne4 37. Rg2 Qa7 38. Qxa7 Rxa7 39. Rc2 f6 40. Rc8+ Kg7
41. Kg2 fxe5 42. fxe5 Kh6 43. Rc6 Rg7+ 44. Kf3 Ng5+ 45. Ke3 Kh5 46. Ra6 Kh4 47.
Rxa5 Nxh3 48. Kd4 f4 49. Ra8 f3 50. Rf8 Kg3 51. a5 Rb7 52. Rg8+ Kf2 53. Kc5 Nf4
54. a6 Rh7 55. b4 Ke3 56. Rf8 f2 57. Bf1 d4 58. Rxf4 Kxf4 59. Kxd4 Rh1 60. Bb5
Rd1+ 61. Kc3 Kxe5 62. Be2 Rd8 63. b5 Kd6 64. Kb4 Kc7 65. Ka5 Rd5 66. Bf1 e5 67.
Bc4 Rc5 68. Be2 e4 69. Bf1 Rc1 70. b6+ Kb8 71. Bg2 Ra1+ 0-1

[Event "Reykjavik Open 2009"]
[Site "Reykjavik"]
[Date "2009.03.27"]
[Round "4.19"]
[White "Thorhallsson, Throstur"]
[Black "Ptacnikova, Lenka"]
[Result "1/2-1/2"]
[WhiteElo "2442"]
[BlackElo "2249"]
[PlyCount "41"]
[EventDate "2009.03.24"]

1. d4 Nf6 2. c4 e6 3. Nc3 Bb4 4. e3 c5 5. Bd3 Nc6 6. Nf3 Bxc3+ 7. bxc3 d6 8. e4
e5 9. h3 h6 10. O-O O-O 11. Be3 b6 12. d5 Ne7 13. Nh2 Ng6 14. Re1 Re8 15. Bd2
Nf4 16. Bxf4 exf4 17. Qf3 g5 18. g3 fxg3 19. fxg3 Kg7 20. Bf1 Rg8 21. Rad1
1/2-1/2

[Event "Reykjavik Open 2009"]
[Site "Reykjavik"]
[Date "2009.03.27"]
[Round "4.20"]
[White "Breder, Dennis"]
[Black "Sofrigin, Alexej"]
[Result "1-0"]
[WhiteElo "2427"]
[BlackElo "2252"]
[PlyCount "54"]
[EventDate "2009.03.24"]

1. e4 c5 2. Nf3 Nc6 3. Bb5 g6 4. O-O Bg7 5. Re1 Nf6 6. e5 Nd5 7. Nc3 Nc7 8.
Bxc6 dxc6 9. Ne4 Ne6 10. d3 O-O 11. Be3 b6 12. Qd2 f5 13. exf6 exf6 14. Bh6 Qc7
15. Bxg7 Qxg7 16. a4 f5 17. Nc3 Nd4 18. Nxd4 cxd4 19. Ne2 c5 20. b4 f4 21. bxc5
f3 22. Ng3 bxc5 23. Qg5 Bf5 24. Qe7 Qf6 25. Qxf6 Rxf6 26. Nxf5 Rxf5 27. Rab1
Rf7 {White won in 71 moves} 1-0

[Event "Reykjavik Open 2009"]
[Site "Reykjavik"]
[Date "2009.03.27"]
[Round "4.21"]
[White "Edvardsson, Kristjan"]
[Black "Lund, Esben"]
[Result "0-1"]
[WhiteElo "2253"]
[BlackElo "2421"]
[PlyCount "148"]
[EventDate "2009.03.24"]

1. d4 Nf6 2. c4 e6 3. Nf3 d5 4. g3 Bb4+ 5. Bd2 Be7 6. Bg2 c6 7. Qc2 O-O 8. O-O
b6 9. Bf4 Ba6 10. b3 Nbd7 11. Rd1 Rc8 12. Nbd2 Nh5 13. e4 Nxf4 14. gxf4 Nf6 15.
exd5 exd5 16. Ne5 Nh5 17. Qf5 g6 18. Qg4 Qd6 19. f5 Rc7 20. Qf3 Bb7 21. cxd5
cxd5 22. Nf1 Bg5 23. Ng3 Nf4 24. h4 Nxg2 25. hxg5 Nh4 26. Qg4 Nxf5 27. Nxf5
gxf5 28. Qh5 f6 29. gxf6 Qxf6 30. Rd3 f4 31. Kh1 Rg7 32. Rg1 Rxg1+ 33. Kxg1 Bc8
34. f3 Qg7+ 35. Ng4 Bf5 36. Rd2 Bxg4 37. fxg4 Kh8 38. Kf1 Rg8 39. Rh2 f3 40.
Qxd5 Qxg4 41. Qe5+ Qg7 42. Qxg7+ Rxg7 43. Rc2 Rf7 44. d5 Kg7 45. Kf2 Kf6 46.
Rc6+ Ke5 47. d6 Kd5 48. Rc7 Ke6 49. Rc6 Rd7 50. Kxf3 Rxd6 51. Rc2 Rd5 52. Ke4
Kd6 53. Rc8 Ra5 54. a4 Rg5 55. Rh8 Re5+ 56. Kd4 Re7 57. Kc4 Ke6 58. Kb5 Kf6 59.
b4 Kg7 60. Rd8 h5 61. a5 bxa5 62. Kxa5 Kg6 63. Rg8+ Rg7 64. Rh8 Kg5 65. Ka6 h4
66. b5 Kg4 67. Rc8 h3 68. Rc4+ Kg3 69. Rc3+ Kh4 70. Rc8 h2 71. Rc4+ Kh3 72.
Rc3+ Rg3 73. Rc1 Ra3+ 74. Kb7 Ra2 0-1

[Event "Reykjavik Open 2009"]
[Site "Reykjavik"]
[Date "2009.03.27"]
[Round "4.22"]
[White "Halldorsson, Jon Arni"]
[Black "Rombaldoni, Denis"]
[Result "0-1"]
[WhiteElo "2162"]
[BlackElo "2418"]
[PlyCount "88"]
[EventDate "2009.03.24"]

1. d4 d5 2. Nf3 Nf6 3. c4 c6 4. cxd5 cxd5 5. Nc3 Nc6 6. Bf4 Nh5 7. Bg5 h6 8.
Bh4 g5 9. Bg3 Nxg3 10. hxg3 Bg7 11. e3 e6 12. Bd3 Bd7 13. Rc1 Qb6 14. a3 a6 15.
b4 Qd8 16. Na4 b6 17. Qb3 g4 18. Nh4 Ne7 19. Nc3 Nc8 20. Qd1 h5 21. Qe2 b5 22.
f3 Qg5 23. O-O f5 24. Qf2 O-O 25. Ne2 Nb6 26. Nf4 Nc4 27. Bxc4 bxc4 28. Nfg6
Rfb8 29. Qd2 Be8 30. f4 Qd8 31. Ne5 Bf6 32. Qe1 Kg7 33. Qf2 a5 34. Rb1 axb4 35.
axb4 Rb5 36. Rb2 Ra4 37. Rfb1 Qb8 38. e4 dxe4 39. Nxc4 Raxb4 40. Rxb4 Rxb4 41.
Rxb4 Qxb4 42. Ne5 Bd8 43. Kh2 Bb6 44. Qa2 Qxd4 0-1

[Event "Reykjavik Open 2009"]
[Site "Reykjavik"]
[Date "2009.03.27"]
[Round "4.23"]
[White "Thorsteinsson, Erlingur"]
[Black "Thorfinnsson, Bjorn"]
[Result "0-1"]
[WhiteElo "2130"]
[BlackElo "2408"]
[PlyCount "120"]
[EventDate "2009.03.24"]

1. e3 d5 2. Nf3 Nf6 3. c4 e6 4. b3 Be7 5. Bb2 O-O 6. Nc3 c6 7. Be2 a6 8. O-O
Nbd7 9. d4 b5 10. Rc1 Bd6 11. Qc2 Bb7 12. Rfd1 Qb8 13. h3 Rc8 14. c5 Bc7 15.
Bd3 Rd8 16. a4 b4 17. Nb1 a5 18. Nbd2 Ba6 19. Bxa6 Rxa6 20. Qd3 Ra7 21. Qb1 Nh5
22. Ng5 h6 23. Qh7+ Kf8 24. Ngf3 f5 25. g4 Nhf6 26. Qg6 fxg4 27. hxg4 Kg8 28.
g5 Nf8 29. Qd3 hxg5 30. Nxg5 e5 31. dxe5 Bxe5 32. Bxe5 Qxe5 33. Ndf3 Qe8 34.
Qf5 Re7 35. Rd4 Rxe3 36. Rh4 Re7 37. Kg2 Re4 38. Nxe4 dxe4 39. Ng5 Ng6 40. Rh3
Rd5 41. Qe6+ Qxe6 42. Nxe6 Kf7 43. Rg3 Nh4+ 44. Kh2 Kxe6 45. Rxg7 Rh5 46. Rc7
Nf5+ 47. Kg2 Nd5 48. Rxc6+ Kd7 49. Ra6 Nf4+ 50. Kg1 Ne2+ 51. Kf1 Nxc1 52. Rxa5
Nxb3 53. Rb5 Kc6 54. Rxb4 Nfd4 55. Rb8 Nd2+ 56. Kg2 Rg5+ 57. Kh3 Ne2 58. Rb6+
Kc7 59. Rf6 Ng1+ 60. Kh2 Ndf3+ 0-1

[Event "Reykjavik Open 2009"]
[Site "Reykjavik"]
[Date "2009.03.27"]
[Round "4.24"]
[White "Tratatovici, Dan"]
[Black "Caspi, Israel"]
[Result "0-1"]
[WhiteElo "2122"]
[BlackElo "2402"]
[PlyCount "52"]
[EventDate "2009.03.24"]

1. e4 c5 2. Nf3 d6 3. d4 cxd4 4. Nxd4 Nf6 5. Nc3 Nc6 6. Bg5 e6 7. Qd2 Be7 8.
O-O-O O-O 9. f4 Nxd4 10. Qxd4 Qa5 11. Bc4 b5 12. Bxb5 Rb8 13. e5 dxe5 14. fxe5
Rxb5 15. exf6 Rb4 16. Qd2 gxf6 17. Bh6 Re8 18. Rhe1 Qh5 19. Re3 Kh8 20. Rg3 Rg4
21. Rxg4 Qxg4 22. Qf2 Qh5 23. Bf4 Qf5 24. g4 Qxg4 25. Rg1 Bc5 26. Be5 Qxg1+ 0-1

[Event "Reykjavik Open 2009"]
[Site "Reykjavik"]
[Date "2009.03.27"]
[Round "4.26"]
[White "Thorgeirsson, Sverrir"]
[Black "Gunnarsson, Jon Viktor"]
[Result "1/2-1/2"]
[WhiteElo "2094"]
[BlackElo "2463"]
[PlyCount "85"]
[EventDate "2009.03.24"]

1. e4 c5 2. c4 d6 3. Ne2 g6 4. d4 cxd4 5. Nxd4 Nf6 6. Nc3 Nc6 7. Be2 Nxd4 8.
Qxd4 Bg7 9. Be3 O-O 10. Qd2 a5 11. O-O a4 12. Rac1 Qa5 13. f3 Be6 14. Nd5 Qxd2
15. Nxe7+ Kh8 16. Bxd2 Rfe8 17. Nd5 Nxd5 18. cxd5 Bxd5 19. Bb5 Re5 20. Bxa4
Bxa2 21. b3 Rc5 22. Rxc5 Bd4+ 23. Kh1 dxc5 24. Rc1 Kg7 25. g3 b5 26. Bxb5 Bxb3
27. Bc4 Bxc4 28. Rxc4 Ra1+ 29. Rc1 c4 30. f4 Kf6 31. Rxa1 Bxa1 32. Kg2 Bb2 33.
Be3 Ke6 34. Kf3 f5 35. exf5+ gxf5 36. h3 h5 37. g4 h4 38. gxf5+ Kxf5 39. Bd2
Bd4 40. Be1 Bf6 41. Ke3 c3 42. Bxc3 Bxc3 43. Kf3 1/2-1/2

[Event "Reykjavik Open 2009"]
[Site "Reykjavik"]
[Date "2009.03.27"]
[Round "4.27"]
[White "Perunovic, Miodrag"]
[Black "Zak, Uri"]
[Result "0-1"]
[WhiteElo "2439"]
[BlackElo "2198"]
[PlyCount "104"]
[EventDate "2009.03.24"]

1. d4 Nf6 2. Bg5 c5 3. d5 Ne4 4. Bf4 Qb6 5. Bc1 e6 6. f3 Qa5+ 7. c3 Nf6 8. e4
d6 9. Na3 exd5 10. exd5 Be7 11. Nc4 Qd8 12. a4 O-O 13. Ne2 Re8 14. Kf2 Nbd7 15.
Ne3 Nh5 16. g4 Bh4+ 17. Ng3 Nhf6 18. Nef5 Ne5 19. Nxh4 Nfxg4+ 20. fxg4 Nxg4+
21. Kg1 Qxh4 22. Qf3 Re1 23. Bg5 Ne5 24. Qe3 Rxe3 25. Bxh4 f6 26. Bg2 g5 27.
Nf1 Re2 28. Bg3 Bh3 29. Bf2 Bxg2 30. Kxg2 Nd3 31. Kf3 Rxf2+ 32. Kg3 h5 33. Rd1
h4+ 34. Kh3 c4 35. Rg1 Nf4+ 36. Kg4 f5+ 37. Kxg5 Nh3+ 38. Kf6+ Nxg1 39. Ne3
Rf8+ 40. Ke7 Nf3 41. Nxc4 Re2+ 42. Kxd6 Re4 43. Na5 Nxh2 44. Nxb7 Rxa4 45. Nc5
Rg4 46. Ne6 Rf7 47. b3 Nf3 48. c4 h3 49. Rh1 h2 50. c5 Rg1 51. Rxh2 Nxh2 52. c6
Rc1 0-1

[Event "Reykjavik Open 2009"]
[Site "Reykjavik"]
[Date "2009.03.27"]
[Round "4.28"]
[White "Arngrimsson, Dagur"]
[Black "Andersen, Mads"]
[Result "1/2-1/2"]
[WhiteElo "2404"]
[BlackElo "2190"]
[PlyCount "148"]
[EventDate "2009.03.24"]

1. e4 c5 2. Nf3 e6 3. d3 Nc6 4. g3 g6 5. Bg2 Bg7 6. O-O Nge7 7. c3 e5 8. Be3 d6
9. Qd2 O-O 10. Na3 b6 11. Rfd1 d5 12. exd5 Nxd5 13. Bh6 f6 14. Bxg7 Kxg7 15. d4
cxd4 16. cxd4 e4 17. Ne1 Re8 18. Nec2 Bf5 19. Ne3 Nxe3 20. fxe3 Qd7 21. Rac1
Rac8 22. Rc2 Ne7 23. Rdc1 Nd5 24. Kf2 g5 25. Rxc8 Rxc8 26. Rxc8 Qxc8 27. Nb5
Qc6 28. Nc3 Nxc3 29. Qxc3 Qxc3 30. bxc3 Be6 31. a3 f5 32. Bf1 Kf6 33. Ke1 Ke7
34. Kd2 Kd6 35. c4 Bd7 36. Be2 Be8 37. Kc3 Kc6 38. a4 Kd6 39. a5 Kc6 40. Kb4 h6
41. Bd1 Kd6 42. Bc2 Bh5 43. axb6 axb6 44. Kc3 Be2 45. Ba4 Bh5 46. Kd2 Bf7 47.
Kc3 Bh5 48. Bb3 Be2 49. Bc2 Bf3 50. Kd2 Bh5 51. h3 Bf3 52. h4 Bh5 53. hxg5 hxg5
54. Bd1 Bf3 55. Bc2 Bh5 56. Ba4 Bf7 57. Bb3 Bh5 58. Ke1 Bf3 59. Kf2 Bh5 60. Ba4
Bf7 61. Bb5 Bh5 62. Kg2 Bf3+ 63. Kf2 Bh5 64. Ke1 Bf7 65. Kd2 Bh5 66. Kc3 Bf7
67. Kb4 Bh5 68. Ba6 Kc7 69. c5 bxc5+ 70. Kxc5 f4 71. exf4 gxf4 72. gxf4 e3 73.
Kd5 e2 74. Bxe2 Bxe2 1/2-1/2

[Event "Reykjavik Open 2009"]
[Site "Reykjavik"]
[Date "2009.03.27"]
[Round "4.29"]
[White "Popovic, Milos T"]
[Black "Bjornsson, Tomas"]
[Result "1-0"]
[WhiteElo "2400"]
[BlackElo "2173"]
[PlyCount "61"]
[EventDate "2009.03.24"]

1. d4 d5 2. Bf4 Nf6 3. e3 g6 4. c4 Bg7 5. Nc3 c6 6. h3 O-O 7. Nf3 h6 8. Be2 Be6
9. Qb3 Qb6 10. c5 Qxb3 11. axb3 Nbd7 12. b4 Ne4 13. Na2 g5 14. Bh2 a5 15. b5 f5
16. Nd2 a4 17. Nxe4 dxe4 18. Nc3 a3 19. b4 a2 20. Kd2 Ra3 21. Rhc1 Nf6 22. b6
Nd5 23. Bc4 Nf4 24. Bxe6+ Nxe6 25. Rxa2 Rfa8 26. Rca1 Rxa2+ 27. Rxa2 Rxa2+ 28.
Nxa2 Nd8 29. Bc7 Ne6 30. b5 cxb5 31. c6 1-0

[Event "Reykjavik Open 2009"]
[Site "Reykjavik"]
[Date "2009.03.27"]
[Round "4.30"]
[White "Gislason, Gudmundur"]
[Black "Brynjarsson, Helgi"]
[Result "1-0"]
[WhiteElo "2351"]
[BlackElo "1949"]
[PlyCount "59"]
[EventDate "2009.03.24"]

1. d4 d5 2. c4 e6 3. Nc3 Nf6 4. Bg5 Be7 5. e3 Nbd7 6. cxd5 exd5 7. Bd3 h6 8.
Bf4 c6 9. g4 Nf8 10. h3 Bd6 11. Bxd6 Qxd6 12. Nf3 N8d7 13. Qc2 b6 14. O-O-O Bb7
15. Kb1 a6 16. Rhe1 O-O-O 17. Na4 Kb8 18. Rc1 Ka7 19. Qb3 Qc7 20. Rc2 Rhe8 21.
Rec1 Rc8 22. Qa3 Ne4 23. Bxe4 Rxe4 24. Nc3 Qd8 25. Nxe4 dxe4 26. Nd2 c5 27. Nb3
cxd4 28. Rxc8 Bxc8 29. Nxd4 Bb7 30. Qd6 1-0

[Event "Reykjavik Open 2009"]
[Site "Reykjavik"]
[Date "2009.03.27"]
[Round "4.31"]
[White "Benediktsson, Frimann"]
[Black "Carlhammar, Magnus"]
[Result "1/2-1/2"]
[WhiteElo "1939"]
[BlackElo "2350"]
[PlyCount "69"]
[EventDate "2009.03.24"]

1. d4 Nf6 2. c4 g6 3. Nc3 d5 4. Nf3 Bg7 5. Bg5 Ne4 6. cxd5 Nxg5 7. Nxg5 e6 8.
Nf3 exd5 9. e3 c6 10. h3 a5 11. Bd3 O-O 12. O-O Re8 13. a3 Bf8 14. Re1 Nd7 15.
Rc1 Nf6 16. Qc2 Bd6 17. Rcd1 Qb6 18. Rc1 Qa7 19. Na4 Ne4 20. Bxe4 Rxe4 21. Nc5
Bxc5 22. Qxc5 Qxc5 23. Rxc5 f6 24. b3 Bd7 25. Rec1 Ra6 26. Kf1 Re8 27. Nd2 Kf8
28. R5c3 Ke7 29. f3 Be6 30. Kf2 Rd8 31. Rc5 Rda8 32. R1c3 Bd7 33. Rc1 Be6 34.
R1c3 Bd7 35. Rc1 1/2-1/2

[Event "Reykjavik Open 2009"]
[Site "Reykjavik"]
[Date "2009.03.27"]
[Round "4.32"]
[White "Cohen, Or"]
[Black "Eliasson, Kristjan Orn"]
[Result "1/2-1/2"]
[WhiteElo "2286"]
[BlackElo "1940"]
[PlyCount "94"]
[EventDate "2009.03.24"]

1. e4 d6 2. d4 g6 3. Nc3 Bg7 4. f4 c6 5. Nf3 Nf6 6. Bd3 O-O 7. O-O Bg4 8. e5
dxe5 9. dxe5 Nd5 10. Nxd5 cxd5 11. Qe1 Nc6 12. Be3 Rc8 13. Nd4 Nxd4 14. Bxd4 b6
15. h3 Bd7 16. c3 Rc7 17. f5 Bxf5 18. Bxf5 gxf5 19. Rxf5 Rc6 20. Qf2 Rg6 21.
Rf1 Qe8 22. a4 e6 23. Rf3 Qxa4 24. Rxf7 Qe8 25. Rxf8+ Bxf8 26. b4 Bh6 27. Kh1
Bg5 28. Qe2 Rg7 29. Rf3 Qa4 30. Qf1 Qe8 31. Qe2 Qa4 32. Qf1 Qe8 33. Qe2 Qa4 34.
b5 Qa3 35. Rf1 Qe7 36. Qh5 Qd7 37. Qe2 Qe8 38. Rf3 Qg6 39. Qf1 Qe8 40. c4 dxc4
41. Qxc4 h6 42. Bc3 Kh7 43. Bb4 Qg6 44. Bf8 Rf7 45. Rxf7+ Qxf7 46. Qd3+ Kg8 47.
Bd6 Kg7 1/2-1/2

[Event "Reykjavik Open 2009"]
[Site "Reykjavik"]
[Date "2009.03.27"]
[Round "4.34"]
[White "Rodriguez Fonseca, Jorge"]
[Black "Cori, Jorge"]
[Result "0-1"]
[WhiteElo "2052"]
[BlackElo "2370"]
[PlyCount "64"]
[EventDate "2009.03.24"]

1. e4 e6 2. d3 d5 3. Nd2 Nf6 4. Ngf3 b6 5. g3 Bb7 6. Qe2 c5 7. Bg2 Nc6 8. O-O
Be7 9. Re1 Qc7 10. c3 O-O-O 11. a3 c4 12. dxc4 dxe4 13. Ng5 Ne5 14. Ngxe4 Nd3
15. Rd1 e5 16. b4 Kb8 17. a4 Nxe4 18. Bxe4 Bxe4 19. Qxe4 f5 20. Qg2 Qb7 21.
Qxb7+ Kxb7 22. Nb3 e4 23. Be3 Bf6 24. Bd4 Nb2 25. Re1 Nxc4 26. Bxf6 gxf6 27.
Nd4 Rd5 28. Re2 h5 29. h4 Rc8 30. Rc1 Ne5 31. Rcc2 Nd3 32. Kg2 Rxd4 0-1

[Event "Reykjavik Open 2009"]
[Site "Reykjavik"]
[Date "2009.03.27"]
[Round "4.35"]
[White "Gudmundsson, Kjartan"]
[Black "Cori T, Deysi"]
[Result "0-1"]
[WhiteElo "2009"]
[BlackElo "2256"]
[PlyCount "42"]
[EventDate "2009.03.24"]

1. e4 e6 2. d4 d5 3. exd5 exd5 4. Nf3 Nc6 5. Be2 Bd6 6. Nc3 Nge7 7. Bg5 f6 8.
Bh4 a6 9. Bg3 Bg4 10. Qd2 Qd7 11. O-O-O O-O-O 12. Na4 Nf5 13. Qc3 Bb4 14. Qb3
Qe7 15. a3 Qxe2 16. axb4 Bxf3 17. gxf3 Nfxd4 18. Qc3 Qxf3 19. Rxd4 Qxh1+ 20.
Rd1 Qe4 21. Nc5 Qxb4 0-1

[Event "Reykjavik Open 2009"]
[Site "Reykjavik"]
[Date "2009.03.27"]
[Round "4.36"]
[White "Arnalds, Stefan"]
[Black "Moskow, Eric"]
[Result "1-0"]
[WhiteElo "1953"]
[BlackElo "2225"]
[PlyCount "135"]
[EventDate "2009.03.24"]

1. d4 Nf6 2. c4 e6 3. Nf3 c5 4. Nc3 cxd4 5. Nxd4 a6 6. g3 Qc7 7. e3 Be7 8. Qe2
b6 9. Bg2 Bb7 10. Bxb7 Qxb7 11. O-O O-O 12. b3 d6 13. Ba3 Nbd7 14. Qf3 Qxf3 15.
Nxf3 Rfd8 16. Rfd1 Nc5 17. Bxc5 bxc5 18. Rd3 h6 19. Rad1 g5 20. Nd2 Nd7 21. f4
gxf4 22. exf4 f5 23. Nf3 Nf8 24. Kf2 Kf7 25. R1d2 Nh7 26. Rd1 Nf6 27. Re1 Re8
28. Kg2 Ra7 29. Re2 Rd7 30. Re1 Bd8 31. Red1 Ke7 32. Re1 Ba5 33. Re2 Bxc3 34.
Rxc3 Ne4 35. Rd3 Rb7 36. Nd2 Nf6 37. Nb1 Kd7 38. Nc3 Kc6 39. Rde3 Rbe7 40. Rd3
d5 41. Re5 d4 42. Na4 Nd7 43. Re1 e5 44. fxe5 Rxe5 45. Rxe5 Nxe5 46. Rd2 Ng4
47. Kf3 Re1 48. Nb2 Rf1+ 49. Kg2 Ne3+ 50. Kh3 Rc1 51. Nd3 Rc2 52. Rxc2 Nxc2 53.
Kh4 Nb4 54. Nb2 Nxa2 55. Kh5 Nc1 56. Kxh6 Kd6 57. Kg5 Ke6 58. h4 Ne2 59. h5
Nxg3 60. h6 Ne4+ 61. Kg6 Nf6 62. Nd3 Ke7 63. Kxf5 Kf7 64. Nxc5 a5 65. Nd3 Nd7
66. c5 Nb8 67. Ne5+ Kg8 68. Kg6 1-0

[Event "Reykjavik Open 2009"]
[Site "Reykjavik"]
[Date "2009.03.27"]
[Round "4.37"]
[White "Sigurjonsson, Siguringi"]
[Black "Bjarnason, Saevar"]
[Result "0-1"]
[WhiteElo "1904"]
[BlackElo "2211"]
[PlyCount "84"]
[EventDate "2009.03.24"]

1. d4 Nf6 2. Bf4 d6 3. e3 g6 4. Nf3 Bg7 5. h3 b6 6. c4 c5 7. Nc3 O-O 8. Be2 a6
9. O-O Bb7 10. d5 b5 11. cxb5 axb5 12. Bxb5 Ba6 13. Bxa6 Nxa6 14. e4 Nd7 15.
Re1 Qc7 16. Qd2 Rfb8 17. Rab1 c4 18. Nd4 Ndc5 19. Be3 Nd3 20. Red1 Nac5 21. b3
cxb3 22. axb3 Nb4 23. f3 Qd7 24. Nc6 Nxc6 25. dxc6 Qxc6 26. Nd5 Rb7 27. b4 Ne6
28. b5 Qe8 29. b6 Rab8 30. Rdc1 Kh8 31. Rc2 Qa4 32. Rbc1 Nc5 33. Rc4 Qd7 34.
Qd1 e6 35. Bxc5 exd5 36. Qxd5 dxc5 37. Qxc5 Rxb6 38. Qa5 Rb1 39. Qe1 Qd3 40.
Rc6 Bd4+ 41. Kh2 Be5+ 42. Kg1 Bf4 0-1

[Event "Reykjavik Open 2009"]
[Site "Reykjavik"]
[Date "2009.03.27"]
[Round "4.38"]
[White "Naslund, Mikael"]
[Black "Cross, Ted"]
[Result "1/2-1/2"]
[WhiteElo "2195"]
[BlackElo "2076"]
[PlyCount "48"]
[EventDate "2009.03.24"]

1. d4 d5 2. c4 c6 3. Nf3 Nf6 4. Qb3 dxc4 5. Qxc4 Bf5 6. g3 e6 7. Bg2 Be7 8. O-O
O-O 9. Nc3 Nbd7 10. Re1 Qb6 11. e4 Bg6 12. Bf4 a5 13. a3 Qa6 14. Qxa6 Rxa6 15.
d5 cxd5 16. exd5 Nc5 17. Ne5 Bd6 18. Nxg6 hxg6 19. Bxd6 Rxd6 20. dxe6 Nxe6 21.
Red1 Rfd8 22. Bxb7 Rb6 23. Rxd8+ Nxd8 24. Bg2 Rxb2 1/2-1/2

[Event "Reykjavik Open 2009"]
[Site "Reykjavik"]
[Date "2009.03.27"]
[Round "4.39"]
[White "Olafsson, Thorvardur"]
[Black "Einarsson, Einar Kristinn"]
[Result "1-0"]
[WhiteElo "2182"]
[BlackElo "2065"]
[PlyCount "93"]
[EventDate "2009.03.24"]

1. e4 c5 2. Nf3 b6 3. d4 cxd4 4. Nxd4 Bb7 5. Nc3 a6 6. Bd3 g6 7. Be3 Bg7 8. Qd2
Qc7 9. f3 e6 10. Qf2 d6 11. Nde2 Nd7 12. Bd4 e5 13. Be3 Ne7 14. Qh4 b5 15. a3
Nc5 16. Bh6 O-O 17. Bxg7 Kxg7 18. Qf2 d5 19. b4 Nxd3+ 20. cxd3 d4 21. Na2 f5
22. O-O fxe4 23. dxe4 Bxe4 24. Nxd4 Bd5 25. Nc2 Bc4 26. Rfe1 Bd3 27. Rac1 Qd6
28. Qc5 Qxc5+ 29. bxc5 Kf6 30. Ncb4 Bc4 31. Nc3 Nf5 32. Nbd5+ Kg7 33. Rxe5 Nd4
34. Rd1 Nc6 35. Re6 Rac8 36. Rd6 Ne5 37. Ne4 Bd3 38. Ng5 Rfe8 39. Nb6 Rxc5 40.
Ne6+ Rxe6 41. Rxe6 Bc2 42. Rd5 Rc3 43. Rdxe5 Rxa3 44. Re7+ Kh6 45. Nd5 g5 46.
Ne3 Bg6 47. g4 1-0

[Event "Reykjavik Open 2009"]
[Site "Reykjavik"]
[Date "2009.03.27"]
[Round "4.40"]
[White "Asgeirsson, Heimir"]
[Black "Vigfusson, Vigfus"]
[Result "1/2-1/2"]
[WhiteElo "2171"]
[BlackElo "2027"]
[PlyCount "35"]
[EventDate "2009.03.24"]

1. d4 Nf6 2. c4 c5 3. d5 e5 4. Nc3 d6 5. e4 g6 6. g3 Bg7 7. Bg2 O-O 8. Nge2 Nh5
9. O-O f5 10. f4 Nd7 11. Nb5 Nb6 12. Qd3 fxe4 13. Bxe4 a6 14. Nbc3 Bh3 15. Bg2
Bf5 16. Be4 Bh3 17. Bg2 Bf5 18. Be4 1/2-1/2

[Event "Reykjavik Open 2009"]
[Site "Reykjavik"]
[Date "2009.03.27"]
[Round "4.41"]
[White "Bjornsson, Sverrir Orn"]
[Black "Jonsson, Olafur Gisli"]
[Result "1-0"]
[WhiteElo "2161"]
[BlackElo "1913"]
[PlyCount "101"]
[EventDate "2009.03.24"]

1. d4 d5 2. c4 c6 3. Nc3 Nf6 4. e3 Bf5 5. cxd5 cxd5 6. Qb3 Qd7 7. Nf3 e6 8. Bb5
Nc6 9. Ne5 Qc7 10. Qa4 Rc8 11. Qxa7 Bb4 12. Bd2 O-O 13. Bxc6 bxc6 14. Qxc7 Rxc7
15. f3 Rb8 16. g4 Bg6 17. h4 Nd7 18. Nxd7 Rxd7 19. Na4 Ra7 20. b3 Bd3 21. Bxb4
Rxb4 22. Nc5 Ba6 23. Kd2 Kf8 24. a4 Ke7 25. h5 f6 26. Kc3 Rb6 27. Rh2 Bc8 28.
Rg1 Kd6 29. g5 f5 30. f4 Ra8 31. h6 g6 32. Ra1 Ke7 33. a5 Rbb8 34. a6 Rb6 35.
Ra4 Kd6 36. a7 Kc7 37. Rha2 Rb5 38. Rb4 Rb6 39. Rxb6 Kxb6 40. Kb4 Kc7 41. Nd3
Kb6 42. Ne5 Bb7 43. Nd7+ Kc7 44. Nf6 Kb6 45. Nxh7 Ba6 46. Nf6 Kxa7 47. h7 Rh8
48. Kc5 Kb7 49. Kd6 Bb5 50. Rh2 Bd3 51. Rh6 1-0

[Event "Reykjavik Open 2009"]
[Site "Reykjavik"]
[Date "2009.03.27"]
[Round "4.42"]
[White "Magnusson, Patrekur Maron"]
[Black "Ostling, Hakan"]
[Result "1/2-1/2"]
[WhiteElo "1902"]
[BlackElo "2151"]
[PlyCount "83"]
[EventDate "2009.03.24"]

1. d4 f5 2. c4 Nf6 3. Nc3 g6 4. g3 Bg7 5. Bg2 d6 6. Nf3 O-O 7. O-O Nc6 8. Re1
e5 9. d5 Ne7 10. e4 h6 11. Nd2 f4 12. gxf4 Nh5 13. fxe5 Bxe5 14. Nf1 Nf4 15.
Ne2 Nxg2 16. Kxg2 Bg4 17. f4 Bxf4 18. Bxf4 Rxf4 19. Qc2 Bf3+ 20. Kg1 Bxe4 21.
Qd2 Rg4+ 22. Neg3 Bf5 23. Qxh6 Qf8 24. Qxf8+ Kxf8 25. Ne3 Rf4 26. Rf1 Rxf1+ 27.
Rxf1 Kg7 28. Nexf5+ Nxf5 29. Nxf5+ gxf5 30. Rxf5 Re8 31. b3 Re2 32. Rf2 Re1+
33. Kg2 a5 34. a4 Rb1 35. Rf3 Kg6 36. Kg3 Kg5 37. h3 Rb2 38. h4+ Kh5 39. Rf5+
Kg6 40. Rf3 Kh5 41. Rf5+ Kg6 42. Rf3 1/2-1/2

[Event "Reykjavik Open 2009"]
[Site "Reykjavik"]
[Date "2009.03.27"]
[Round "4.43"]
[White "Andersson, Christin"]
[Black "Fridgeirsson, Dagur Andri"]
[Result "1/2-1/2"]
[WhiteElo "2132"]
[BlackElo "1787"]
[PlyCount "101"]
[EventDate "2009.03.24"]

1. e4 c5 2. Nf3 Nc6 3. d4 cxd4 4. Nxd4 Qb6 5. Nb3 Nf6 6. Nc3 e6 7. Be3 Qc7 8.
a3 a6 9. Bd3 b5 10. O-O d6 11. f4 Bb7 12. Be2 Nd7 13. Bf3 Nc5 14. Nd4 Be7 15.
Qe2 Bf6 16. Nxc6 Bxc6 17. e5 Be7 18. Rad1 dxe5 19. fxe5 O-O 20. Bxc6 Qxc6 21.
Qg4 Rfd8 22. Qf4 f5 23. exf6 Bxf6 24. Kh1 Rxd1 25. Nxd1 Rd8 26. Bxc5 Qxc5 27.
c3 Qf5 28. Qxf5 exf5 29. Ne3 Rd2 30. Nxf5 Rxb2 31. g4 g6 32. Nd4 Bxd4 33. cxd4
Rd2 34. Rf6 Rxd4 35. Rxa6 Rxg4 36. Rb6 Rg5 37. Rb7 h5 38. h3 Kf8 39. Kh2 Rd5
40. Kg3 g5 41. Kf3 Rd3+ 42. Ke4 Rxh3 43. Rxb5 Rg3 44. a4 h4 45. a5 h3 46. Rb1
Ra3 47. Kf5 h2 48. Kxg5 Rg3+ 49. Kf6 Ke8 50. Rh1 Ra3 51. Rxh2 1/2-1/2